| 000 | 00515nam a2200205 a 4500 | ||
|---|---|---|---|
| 001 | 10859 | ||
| 003 | CO-ViMGA | ||
| 008 | 141112s2004 ck r 000 u spa d | ||
| 020 | _a8425330106 | ||
| 040 |
_aCO-ViMGA _bspa _cCO-ViMGA |
||
| 082 | 0 | 4 | _aU863.6 O53t5 |
| 100 | 1 |
_aOnetti, Juan Carlos _914849 |
|
| 245 | 1 | 0 | _aTierra de nadie |
| 260 |
_aBarcelona, _cGrijalbo Mondadori S.A. |
||
| 300 | _a216p. | ||
| 490 | _aLibro de mano | ||
| 500 | _aFecha : 1996 | ||
| 650 | 1 | 4 |
_aNOVELA URUGUAYA _914850 |
| 942 |
_2ddc _cBK |
||
| 999 |
_c22079 _d22079 |
||